Las oligarquías financieras contra la monarquía absoluta

Saved in:
Bibliografiske detaljer
Hovedforfatter: Calderón Bouchet, Rubén (Author)
Format: Bog
Sprog:spansk
Udgivet: Buenos Aires Dictio 1980
Fag:
Tags: Tilføj Tag
Ingen Tags, Vær først til at tagge denne postø!

MARC

LEADER 00000nam a2200000 a 4500
001 UCW9637
003 CL-VaPUC
008 890601e19800000AG |||||||||||||||||spa|d
082 0 4 |a 940.23  |b CAL  |2 21 
100 |a Calderón Bouchet, Rubén  |e author  |9 379357 
245 1 4 |a Las oligarquías financieras contra la monarquía absoluta 
300 |a 295 p 
942 |c BK 
945 |d 19890601 00:00:00 
260 |a Buenos Aires  |b Dictio  |c 1980 
650 0 |a Historia   |y Siglo 17  |9 255532 
651 0 |a Europa  |9 255156 
583 |a last modification  |c 19890601 00:00:00  |k Rodrigo Vera 
999 |c 221552  |d 221550 
952 |0 0  |1 0  |4 0  |6 940_230000000000000_CAL_1980  |7 0  |8 A  |9 215011  |a BIBEDU  |b BIBEDU  |d 2019-11-15  |i 2835746  |o 940.23 CAL 1980  |p 2835746  |r 2019-11-15  |w 2019-11-15  |y BK  |k FIL